000 008230000a22001930004500
003 LK-CoMWRAF
005 20231215000524.0
008 230817t1997 ||||| |||| 00| 0 eng d
040 _aLK-CoMWRAF
_dLK-CoMWRAF
_eLK-CoMWRAF
041 _aeng
082 _a305.4
_bINT
110 _aInternational Women's Rights Action Watch
245 _a1997 IWRAW to CEDAW country reports on Saint Vincent and the Grenadines Slovenia, Morocco, Turkey, Philippines:
_bIndependent information for the sixteenth session of the Committee on the Elimination of Discrimination Against Women (CEDAW)
260 _aMinneapolis:
_bHubert H. Humphrey Institute of Public Affairs, University of Minnesota,
_c1996
300 _a64 p.; 28 cm
650 _aSex discrimination against women
650 _aWomen- Legal status, laws, etc
942 _cBK
999 _c2158
_d2158